000 00632nam a2200205Ia 4500
003 GCL
008 140319s9999 xx 000 0 ara d
040 _aGCL /
_cGCL
082 0 4 _a812.009
_bا ا
100 1 _aاحمد شمس الدين الحجاجى
245 1 0 _aالاسطورة فى المسرح المصرى المعاصر 1970-1933 /
_cاحمد شمس الدين الحجاجى
260 _a[S.N] :
_bدار المعارف ،
_c1984
300 _a516 ص
490 _a
650 0 4 _aالعصر الحديث
650 0 4 _aمصر
650 0 4 _aالمسرحيات
650 0 4 _aتاريخ ونقد
942 _2ddc
_cBK
999 _c28537
_d28537